Влияние условий теплообмена на характеристики зажигания угольной пыли; Современные техника и технологии; Т. 1

Dades bibliogràfiques
Parent link:Современные техника и технологии: сборник трудов XXI международной научной конференции студентов, аспирантов и молодых ученых, Томск, 5-9 октября 2015 г./ Национальный исследовательский Томский политехнический университет (ТПУ).— , 2015
Т. 1.— [С. 28-30]
Autor principal: Вершинина К. Ю. Ксения Юрьевна
Autor corporatiu: Национальный исследовательский Томский политехнический университет (ТПУ) Энергетический институт (ЭНИН) Кафедра автоматизации теплоэнергетических процессов (АТП)
Altres autors: Глушков Д. О. Дмитрий Олегович (научный руководитель)
Sumari:Заглавие с титульного экрана
The experimental research was carried out to define ignition characteristics for brown coal dust particles with sizes of 80 microns. The research was executed in conditions of conductive and convective methods of energy supply. Ignition delay times were determined in the temperature range from 670 K to 870 K. The experimental results can be used to develop predictive models of fire hazard for technological processes using pulverized coal.
Idioma:rus
Publicat:
Col·lecció:Устойчивая энергетика
Matèries:
Accés en línia:http://earchive.tpu.ru/handle/11683/22175
http://www.lib.tpu.ru/fulltext/c/2015/C01/V1/009.pdf
Format: MixedMaterials Electrònic Capítol de llibre
KOHA link:https://koha.lib.tpu.ru/cgi-bin/koha/opac-detail.pl?biblionumber=615063

MARC

LEADER 00000naa2a2200000 4500
001 615063
005 20231225165342.0
035 |a (RuTPU)RU\TPU\conf\13258 
035 |a RU\TPU\conf\13257 
090 |a 615063 
100 |a 20151023d2015 k y0rusy50 ca 
101 0 |a rus 
102 |a RU 
105 |a y z 101zy 
135 |a drcn ---uucaa 
181 0 |a i  
182 0 |a b 
200 1 |a Влияние условий теплообмена на характеристики зажигания угольной пыли  |d Influence of heat transfer conditions on ignition characteristics of coal dust  |f К. Ю. Вершинина  |g науч. рук. Д. О. Глушков 
203 |a Текст  |c электронный 
225 1 |a Устойчивая энергетика 
300 |a Заглавие с титульного экрана 
320 |a [Библиогр.: с. 30 (2 назв.)] 
330 |a The experimental research was carried out to define ignition characteristics for brown coal dust particles with sizes of 80 microns. The research was executed in conditions of conductive and convective methods of energy supply. Ignition delay times were determined in the temperature range from 670 K to 870 K. The experimental results can be used to develop predictive models of fire hazard for technological processes using pulverized coal. 
337 |a Adobe Reader 
461 1 |0 (RuTPU)RU\TPU\conf\13102  |t Современные техника и технологии  |o сборник трудов XXI международной научной конференции студентов, аспирантов и молодых ученых, Томск, 5-9 октября 2015 г.  |o в 2 т.  |f Национальный исследовательский Томский политехнический университет (ТПУ)  |d 2015 
463 0 |0 (RuTPU)RU\TPU\conf\13104  |t Т. 1  |f под ред. А. А. Сивкова [и др.]  |v [С. 28-30] 
510 1 |a Influence of heat transfer conditions on ignition characteristics of coal dust  |z eng 
610 1 |a труды учёных ТПУ 
610 1 |a электронный ресурс 
610 1 |a теплообмен 
610 1 |a характеристики 
610 1 |a зажигание 
610 1 |a угольная пыль 
700 1 |a Вершинина  |b К. Ю.  |c специалист в области теплоэнергетики  |c доцент Томского политехнического университета, кандидат физико-математических наук  |f 1992-  |g Ксения Юрьевна  |3 (RuTPU)RU\TPU\pers\33595  |9 17253 
702 1 |a Глушков  |b Д. О.  |c специалист в области теплоэнергетики  |c доцент Томского политехнического университета, кандидат физико-математических наук  |f 1988-  |g Дмитрий Олегович  |4 727 
712 0 2 |a Национальный исследовательский Томский политехнический университет (ТПУ)  |b Энергетический институт (ЭНИН)  |b Кафедра автоматизации теплоэнергетических процессов (АТП)  |3 (RuTPU)RU\TPU\col\18678 
801 2 |a RU  |b 63413507  |c 20210119  |g RCR 
856 4 |u http://earchive.tpu.ru/handle/11683/22175 
856 4 |u http://www.lib.tpu.ru/fulltext/c/2015/C01/V1/009.pdf 
942 |c BK